000 00737nam a2200253Ia 4500
003 OSt
005 20220925223335.0
006 a|||||r|||| 00| 0
007 ta
008 220923b |||||||| |||| 00| 0 eng d
037 _cGeneral Book
040 _aRTL
_cRTL
_beng
041 _2eng
_aeng
082 _aY:(R), P1
100 _aUdehn Lars
_9289467
245 0 _aMethodological individualism
_b Background history
260 _aLondon
_bRoutledge
_c2001
300 _axiii,450p
_ccm.
490 _aRoutledge Studies in Social and Political Thought
500 _aBibiliography P 388-436
650 _aScientific Method
_9231124
942 _hY:(R), P1
_cGB
_2CC
999 _c579303
_d579303